| 000 | 00518nmm a2200169Ia 4500 | ||
|---|---|---|---|
| 008 | 251105s9999||||xx |||||||||||||||||und|| | ||
| 020 | _a9789878384825 | ||
| 041 | _aspa | ||
| 100 | _aVV. AA. | ||
| 245 | 0 |
_aDe la transpasibilididad : _b Henri Maldiney ante el acontecimiento de existir |
|
| 264 |
_a[Buenos Aires, Argentina] : _bEditorial Sb, _c2020 |
||
| 300 | _a269 páginas | ||
| 490 | _aPost-Visión | ||
| 650 | _aPhilosophy, Ethics | ||
| 856 | _uhttps://public.digitaliapublishing.com/a/129904 | ||
| 942 | _cCF | ||
| 999 |
_c97732 _d97732 |
||